000 00314 a2200157 4500
001 183284
020 _a
040 _cMagnum
100 _aSampaio, Elvira
240 1 0 _aViver ciências 6
_lpor
245 1 0 _aViver ciências 6
300 _a192
362 0 _a1990
697 _aCIÊNCIAS PURAS
942 _cBK
999 _c183284
_d183284